'USA' Vocabulary Quiz Stats

Quiz Updated May 27, 2016

Also try: USA Quiz
Challenge
Share
Tweet
Embed
Score 0/15 Timer 03:00
8 Plays Today
% Correct
sausage
96%
Crusades
95.8%
thousand
95.7%
accusation
95%
sousaphone
94.4%
refusal
93.3%
excusable
93%
abusable
85.4%
% Correct
causality
85.3%
babirusa
81.8%
recusant
81.3%
medusa
76.9%
fusain
76.9%
usage
76.6%
espousal
71.1%

You're not logged in!

Compare scores with friends on all Sporcle quizzes.
Sign Up with Email
OR
Log In

You Might Also Like...

Show Comments

Extras

Top Quizzes Today


Score Distribution

Your Account Isn't Verified!

In order to create a playlist on Sporcle, you need to verify the email address you used during registration. Go to your Sporcle Settings to finish the process.